<?xml version="1.0" encoding="UTF-8"?>
<record
    xmlns:xsi="http://www.w3.org/2001/XMLSchema-instance"
    xsi:schemaLocation="http://www.loc.gov/MARC21/slim http://www.loc.gov/standards/marcxml/schema/MARC21slim.xsd"
    xmlns="http://www.loc.gov/MARC21/slim">

  <leader>01318nam a22002417a 4500</leader>
  <controlfield tag="005">20150124123303.0</controlfield>
  <controlfield tag="008">120309t        mx||||| |||| 00| 0 spa d</controlfield>
  <datafield tag="050" ind1="0" ind2="4">
    <subfield code="a">F1306 .83 .H53</subfield>
    <subfield code="b">P47 1966</subfield>
  </datafield>
  <datafield tag="245" ind1="1" ind2="0">
    <subfield code="a">Perfil de Hidalgo en 5 discursos. </subfield>
  </datafield>
  <datafield tag="250" ind1=" " ind2=" ">
    <subfield code="a">1a. ed.</subfield>
  </datafield>
  <datafield tag="260" ind1=" " ind2=" ">
    <subfield code="a">Morelia, Michoac&#xE1;n de Ocampo, M&#xE9;xico :</subfield>
    <subfield code="b">UMSNH, Departamento de Difusi&#xF3;n Cultural,</subfield>
    <subfield code="c">1966</subfield>
  </datafield>
  <datafield tag="300" ind1=" " ind2=" ">
    <subfield code="a">p.v. :</subfield>
    <subfield code="b">il. ;</subfield>
    <subfield code="c">20 cm.</subfield>
  </datafield>
  <datafield tag="500" ind1=" " ind2=" ">
    <subfield code="a">Nota : En la pasta dice : 8 Mayo de 1966 : Perfil de Hidalgo en 5 discursos</subfield>
  </datafield>
  <datafield tag="600" ind1="1" ind2="7">
    <subfield code="2">LEMB</subfield>
    <subfield code="a">Hidalgo y Costilla, Miguel,</subfield>
    <subfield code="c">[Don],</subfield>
    <subfield code="d">[1753-1811],</subfield>
    <subfield code="q">[Miguel Gregorio Antonio Ignacio Hidalgo y Costilla Gallaga Mandarte Villase&#xF1;or]</subfield>
    <subfield code="x">Homenajes</subfield>
  </datafield>
  <datafield tag="651" ind1=" " ind2="7">
    <subfield code="2">ESCAMILLA</subfield>
    <subfield code="a">Michoac&#xE1;n de Ocampo</subfield>
    <subfield code="z">M&#xE9;xico</subfield>
    <subfield code="x">Historia</subfield>
    <subfield code="x">Guerra de Independencia, 1810-1821</subfield>
    <subfield code="x">Alocuciones, ensayos y conferencias</subfield>
  </datafield>
  <datafield tag="700" ind1="1" ind2=" ">
    <subfield code="a">Bremauntz, Alberto,</subfield>
    <subfield code="c">[Lic.], </subfield>
    <subfield code="d">[1897-1979],</subfield>
    <subfield code="q">[Bremauntz Mart&#xED;nez, Alberto],</subfield>
    <subfield code="e">[Rector de la Universidad Michoacana de San Nicol&#xE1;s de Hidaldo]</subfield>
  </datafield>
  <datafield tag="700" ind1="1" ind2=" ">
    <subfield code="a">D&#xED;az Rozzotto, Jaime,</subfield>
    <subfield code="c">[Dr.]</subfield>
  </datafield>
  <datafield tag="700" ind1="1" ind2=" ">
    <subfield code="a">Galv&#xE1;n Leonardo, Ra&#xFA;l</subfield>
  </datafield>
  <datafield tag="700" ind1="1" ind2=" ">
    <subfield code="a">Rodr&#xED;guez O&#xF1;ate, Francisco</subfield>
  </datafield>
  <datafield tag="700" ind1="1" ind2=" ">
    <subfield code="a">C&#xE1;zares Ram&#xED;rez, Manuel,</subfield>
    <subfield code="c">[Ing.] ,</subfield>
    <subfield code="e">[Regente del Colegio Primitivo y Nacional de San Nicol&#xE1;s de Hidalgo]</subfield>
  </datafield>
  <datafield tag="710" ind1="1" ind2=" ">
    <subfield code="a">M&#xE9;xico.</subfield>
    <subfield code="b">Universidad Michoacana de San Nicol&#xE1;s de Hidalgo (UMSNH)</subfield>
  </datafield>
  <datafield tag="942" ind1=" " ind2=" ">
    <subfield code="2">lcc</subfield>
    <subfield code="c">LIB</subfield>
  </datafield>
  <datafield tag="999" ind1=" " ind2=" ">
    <subfield code="c">29710</subfield>
    <subfield code="d">29710</subfield>
  </datafield>
  <datafield tag="952" ind1=" " ind2=" ">
    <subfield code="1">0</subfield>
    <subfield code="2">lcc</subfield>
    <subfield code="4">0</subfield>
    <subfield code="7">0</subfield>
    <subfield code="a">INV-033</subfield>
    <subfield code="b">INV-033</subfield>
    <subfield code="c">FM</subfield>
    <subfield code="d">2012-03-09</subfield>
    <subfield code="f">1</subfield>
    <subfield code="k">CA</subfield>
    <subfield code="o">F1306 .83 .H53 P47 1966</subfield>
    <subfield code="p">IIH000005844</subfield>
    <subfield code="r">2012-03-09 00:00:00</subfield>
    <subfield code="t">C:1</subfield>
    <subfield code="v">1.00</subfield>
    <subfield code="y">LIB</subfield>
    <subfield code="z">MICHOAC&#xC1;N</subfield>
  </datafield>
  <datafield tag="952" ind1=" " ind2=" ">
    <subfield code="1">0</subfield>
    <subfield code="2">lcc</subfield>
    <subfield code="4">0</subfield>
    <subfield code="7">0</subfield>
    <subfield code="a">INV-033</subfield>
    <subfield code="b">INV-033</subfield>
    <subfield code="c">FM</subfield>
    <subfield code="d">2012-03-09</subfield>
    <subfield code="f">1</subfield>
    <subfield code="k">CA</subfield>
    <subfield code="o">F1306 .83 .H53 P47 1966</subfield>
    <subfield code="p">IIH000005845</subfield>
    <subfield code="r">2012-03-09 00:00:00</subfield>
    <subfield code="t">C:2</subfield>
    <subfield code="v">1.00</subfield>
    <subfield code="y">LIB</subfield>
    <subfield code="z">MICHOAC&#xC1;N</subfield>
  </datafield>
  <datafield tag="952" ind1=" " ind2=" ">
    <subfield code="1">0</subfield>
    <subfield code="2">lcc</subfield>
    <subfield code="4">0</subfield>
    <subfield code="7">0</subfield>
    <subfield code="a">INV-033</subfield>
    <subfield code="b">INV-033</subfield>
    <subfield code="c">FM</subfield>
    <subfield code="d">2012-03-09</subfield>
    <subfield code="f">1</subfield>
    <subfield code="k">CA</subfield>
    <subfield code="o">F1306 .83 .H53 P47 1966</subfield>
    <subfield code="p">IIH000005846</subfield>
    <subfield code="r">2012-03-09 00:00:00</subfield>
    <subfield code="t">C:3</subfield>
    <subfield code="v">1.00</subfield>
    <subfield code="y">LIB</subfield>
    <subfield code="z">MICHOAC&#xC1;N</subfield>
  </datafield>
</record>
